Krátké dějiny zraňování /

Hlavní autor: Láníková, Kristina, 1988-
Jazyk: Čeština
Vydáno: Česká Bříza : Culture83 :Galerie Sam83, 2017
Vydání: Vydání: první
Témata:
Fyzický popis: 29 stran ; 16 cm
Knihy
Uloženo v:
LEADER 01173nam a2200361 i 4500
001 nkc20172885753
003 CZ PrNK
005 20170424103253.0
007 ta
008 170315s2017 xr g 000 p cze
015 |a cnb002885753 
020 |a 978-80-87566-30-5  |q (Culture83 ;  |q brožováno) 
035 |a (OCoLC)987024937 
040 |a BOA001  |b cze  |d ABA001  |e rda 
072 7 |a 821.162.3-1  |x Česká poezie  |2 Konspekt  |9 25 
080 |a 821.162.3-1  |2 MRF 
080 |a (0:82-1)  |2 MRF 
100 1 |a Láníková, Kristina,  |d 1988-  |7 xx0193644  |4 aut 
245 1 0 |a Krátké dějiny zraňování /  |c Kristina Láníková 
250 |a Vydání: první 
264 1 |a Česká Bříza :  |b Culture83 :  |b Galerie Sam83,  |c 2017 
300 |a 29 stran ;  |c 16 cm 
336 |a text  |b txt  |2 rdacontent 
337 |a bez média  |b n  |2 rdamedia 
338 |a svazek  |b nc  |2 rdacarrier 
500 |a 300 výtisků 
655 7 |a česká poezie  |7 fd133958  |2 czenas 
655 9 |a Czech poetry  |2 eczenas 
910 2 |a BOA001  |b 1-1385.499 
990 |a BK 
995 |a 01 
991 |b 201703  |c NOV 
996 6 |b 2610701905  |c 1-1385.499  |l MZK  |r Sklad / do 1 hodiny  |n 3  |p p.v.  |w 001604954  |u 000010  |a 1  |e BOA001  |j MZK50  |s P